000 01077nam a22002297a 4500
003 OSt
005 20201019164041.0
008 201019s1994 ck a|||gr|||| 00| 0 spa d
040 _aCO-JMCR
_cCO-JMCR
041 _aspa
082 0 4 _a333.9516 /
_bR788c
_223
100 1 _aDe la Rosa, Alberto,
_eautor
_911698
245 1 0 _aCuidemos nuestra tierra :
_bUna vida mejor mediante el aprovechamiento de los recursos en el campo /
_cAlberto de la Rosa, Warner Moosbrugger
250 _aSegunda edición
260 _aBogotá :
_bProyecto Checua,
_c1994.
300 _a69 páginas :
_bilustraciones a color ;
_c20 X 22 cm.
520 0 _aCuidemos nuestra tierra, tanto la ilustración como el libro que llevan este nombre, son producciones singulares y hermosas que muestran ejemplos factibles de una relación equilibrada entre las familias campesinas y el ambiente que las rodea.
650 2 4 _aVida en el campo
_xFundamentos
_911699
650 2 4 _aConservación de los recursos agrícolas
_xFundamentos
_911700
700 1 _aMoosbrugger, Warner,
_eautor
_911701
942 _2ddc
_cBK
999 _c6938
_d6938